LEADER 01153nam a2200277 u 4500 001 000000113574 003 CaOOAMICUS 005 20081020150349.0 008 081020s2008 it u000 u ita r 020 $z978-88-420-8557-7* 040 $aPUL$bita$dLDB 100 1 $aDworkin, Ronald.$0(OLS)http://pul/name/26585 245 12$aI fondamenti del liberalismo /$cR. Dworkin, S. Maffettone. 260 $aBari :$bLaterza,$cc2008. 300 $a259 p. ;$c21 cm. 490 1 $aBiblioteca universale (Laterza) ;$v608 504 $aBibliografia in nota. 650 14$aLiberalismo.$0(OLS)http://pul/subject/3409 700 1 $aMaffettone, Sebastiano.$0(OLS)http://pul/name/41848 830 0$aBiblioteca universale (Laterza) ;$v608.$0(OLS)http://pul/title/51 850 $aPUL 852 $aPUL$W1$xSL Diritto e Scienze Sociali 3$y79$m320. 5 DWORO 1$j129769$qDDC 21$B128825$CPULBib$Z2$F128825 $H108456 $82 941 1 $a9 996 $6020$z978-88-420-8557-7*$9(OLS)http://pul/number/138908 996 $6245$aI fondamenti del liberalismo$9(OLS)http://pul/title/142704 996 $6260$aBari :$bLaterza$9(OLS)http://pul/publisher/47895 LEADER 00971nam a2200253 a 4500 001 000000137015 003 CaOOAMICUS 005 20140114145928.0 008 140114s1972 fr a u000 u fre r 040 $aPUL$bita 100 1 $aDomenach, Jean-Marie.$0(OLS)http://pul/name/81309 245 10$aEmmanuel Mounier /$cJ.-M. Domenach. 260 $aParis :$bÉditions du Seuil,$c[1972] 300 $a189 p. :$bill. ;$c18 cm 490 1 $aÉcrivains de toujours ;$v91 600 14$aMounier, Emmanuel,$d1905-1950.$0(OLS)http://pul/subject/9711 830 0$aÉcrivains de toujours ;$v91.$0(OLS)http://pul/title/31831 850 $aPUL 852 $aPUL$W1$xDP1 Fondo E. Rossi$y115$m3 A 252$j157990$qFondi$B157397$CPULBib$Z2$F157397 $82 941 1 $a1 961 $aSul dorso collocazione ms. di E. Rossi: CP 82 4 996 $6245$aEmmanuel Mounier$9(OLS)http://pul/title/152617 996 $6260$aParis :$bÉditions du Seuil$9(OLS)http://pul/publisher/54032